Φιλοσοφικά μελετήματα : 1963-1965
Αποθηκεύτηκε σε:
| Κύριος συγγραφέας: | |
|---|---|
| Μορφή: | Βιβλίο |
| Γλώσσα: | Greek |
| Δημοσίευση: |
Αθήναι :
Γ. Φεξής,
1965.
|
| Θέματα: | |
| Ετικέτες: |
Προσθήκη ετικέτας
Δεν υπάρχουν, Καταχωρήστε ετικέτα πρώτοι!
|
MARC
| LEADER | 00000cam a2200000 i 4500 | ||
|---|---|---|---|
| 001 | 1/8776 | ||
| 008 | 100628s1965 gr | ||| |||| ||gre|| | ||
| 035 | |l 10108387 | ||
| 040 | |a GR-MyUA |b gre |e AACR2 | ||
| 041 | 0 | |a gre | |
| 082 | 0 | |a 100 |2 (22) | |
| 100 | 1 | |a Δεσποτόπουλος, Κωνσταντίνος Ι., |d 1913-2016. | |
| 245 | 1 | 0 | |a Φιλοσοφικά μελετήματα : |b 1963-1965 / |c Κ. Ι. Δεσποτοπούλου. |
| 260 | |a Αθήναι : |b Γ. Φεξής, |c 1965. | ||
| 300 | |a 200 σ. ; |b 22 εκ. | ||
| 500 | |a Υπάρχει ιδιόχειρη αφιέρωση του συγγραφέα προς τον Στρατή Μυριβήλη. | ||
| 650 | 0 | 0 | |a Philosophy. |
| 852 | |a INST |b SAMOS |e 20100628 |h 100 ΔΕΣ |p 005300031597 |q 005300031597 |t BK |y 0 | ||
| 901 | |a BIBL3-2010-2 | ||
| 909 | |a Σ |b 162595 | ||
| 970 | |a ΡΟΥΣΣΟΥ |b ΚΩΝΣΤΑΝΤΙΝΑ |z 2010/06/28 | ||